01299cam a22002654i 4500003000900000005001700009008004100026035001900067040003300086082002100119111009500140245007200235264005700307300006000364336002100424337002500445338002300470505012200493611009600615910000500711942001400716949014000730596000600870999015700876PE-LiUPU20220706100159.0150625s r 000 0 d a(Sirsi) a34059 aPE-LiUPUbspacPE-LiUPUerda04a911.816bP852212 aCongreso sul-riograndense de historia e geografian3cPrefeitura municipal de Porto Alegre10aAnais do III congreso sul-Riograndense de historia e geografia.n2. 1aPorto alegre, Brazil :bPrefeitura municipal,c1940. a1024 páginas :bilustraciones, fotos, mapas ;c20 cm. atext2rdacontent aunmediated2rdamedia avolume2rdacarrier0 aServicio de arquivo historico de estado. - diretoria do arquivo e biblioteca da prefeitura municipal de porto-alegre. aCongreso sul-riograndense de historia e geografian3cPrefeitura municipal de Porto Alegre. a 2ddccBOOK a911.816 P85 2wDEWEYc1i14179lCCODEBUL1mBULp00.00r0sYtBOOKu2015-06-25xBIBLIOTECAzUNKNOWN0COMPRAo.STAFF. Colección General a1 a911.816 P85 2wDEWEYc41874i14179f2021-11-8g5lCCODEBUL1mBULr0sYtBOOKu2015-6-25xBIBLIOTECAzUNKNOWN0COMPRAo.STAFF. Colección Generald41874